000 00507nam a2200145 a 4500
001 000041508
005 20201002034943.0
008 131009s1978 xxua 001 0 eng d
040 _aDO-SdBNP
_beng
_cBNPHU
082 _axxxxx
_bxxxxx
100 1 _aHedgecoe, John
_968215
245 1 0 _aThe photographer´s handbook :
_ba complete reference manual of photographic tecniques, procedures, equiment and style /
_cJonh Hedgecoe.
260 _aNew York :
_bAlfred A. Knopf,
_c1978.
300 _a325 p. :
_bil. ;
_c25 cm.
999 _c40998
_d40998